[Event "AUT-ch U14"]
[Site "St Kanzian"]
[Date "2018.05.22"]
[Round "7.13"]
[White "Fuerndrath, Kilian"]
[Black "Zeindl, Noah"]
[Result "1-0"]
[WhiteElo "1208"]
[BlackElo "1310"]
[PlyCount "75"]
[EventDate "2018.05.19"]
[EventType "swiss"]
[EventRounds "7"]
[EventCountry "AUT"]
[SourceTitle "EXT 2024"]
[Source "ChessBase"]
[SourceDate "2023.10.10"]
[SourceVersion "1"]
[SourceVersionDate "2023.10.10"]
[SourceQuality "1"]

1. e4 e5 2. f4 d5 3. exd5 exf4 4. Nf3 Nf6 5. c4 Be7 6. d4 0-0 7. Bd3 Bb4+ 8. Nc3 Re8+ 9. Be2 Qe7 10. Bxf4 Ne4 11. Rc1 Bg4 12. 0-0 Nxc3 13. bxc3 Bxc3 14. Rf2 Ba5 15. Bd3 Nd7 16. Qc2 Nf6 17. Bg5 h6 18. Bh4 g5 19. Nxg5 hxg5 20. Bxg5 Qb4 21. Rxf6 Re1+ 22. Rxe1 Qxe1+ 23. Rf1 Qb4 24. Bh6 Qe7 25. Qf2 Bh5 26. Qg3+ Bg6 27. Bxg6 fxg6 28. Qxg6+ Kh8 29. Qe6 Qd8 30. Rf8+ Qxf8 31. Bxf8 Rxf8 32. d6 Bc3 33. Qe5+ Kh7 34. dxc7 a5 35. Qe7+ Kg8 36. c8Q Bxd4+ 37. Kh1 Bg7 38. Qcxf8+ 1-0